| 000 | 01108cam a2200337 a 4500 | ||
|---|---|---|---|
| 001 | 1971 | ||
| 003 | FISKH | ||
| 005 | 20231110152211.0 | ||
| 008 | 091117s2011 mnua j b 001 0 eng | ||
| 010 | _a 2009047733 | ||
| 020 | _a0545484162 | ||
| 020 | _a9780545484169 | ||
| 035 | _a(OCoLC)ocn467360136 | ||
| 037 |
_a1323133 _bQBI |
||
| 040 |
_aDLC _cDLC _dQBX _dDLC _beng |
||
| 050 | 0 | 0 |
_aQL737.P98 _bR536 2011 |
| 082 | 0 | 0 |
_a599.67 _222 |
| 100 | 1 | _aRiggs, Kate | |
| 245 | 1 | 0 |
_aElephants / _cby Kate Riggs. |
| 260 |
_aNew York : _bScholastic, _c2011. |
||
| 300 |
_a24 pages : _bcolor illustrations ; _c28 cm |
||
| 490 | 1 | _aAmazing animals | |
| 504 | _a | ||
| 505 | _aM | ||
| 520 | _a"A basic exploration of the appearance, behavior, and habitat of elephants, Earth's biggest land animals. Also included is a story from folklore explaining why elephants' trunks are so long"--Provided by publisher. | ||
| 521 | 8 |
_a560
_bLexile estimate |
|
| 521 | 8 |
_aM
_bRaz-Plus |
|
| 650 | 0 |
_aElephants _vJuvenile literature. |
|
| 906 |
_a7 _bcbc _corignew _d1 _eecip _f20 _gy-gencatlg |
||
| 942 |
_2ddc _cBK _n0 |
||
| 999 |
_c1971 _d1971 |
||